| 000 | 00691nam a2200217Ia 4500 | ||
|---|---|---|---|
| 005 | 20260128102924.0 | ||
| 008 | 210716s2006 xx 000 0 und d | ||
| 020 | _a8121923085 | ||
| 040 | _cAIMIT LIBRARY | ||
| 041 | _aeng | ||
| 082 |
_a658.1511 _21 _bJAWA |
||
| 100 |
_aJawaharlal. _965140 |
||
| 245 |
_aAdvanced management accounting : _btext and cases / _cBy Jawaharlal. |
||
| 250 | _a1st ed. | ||
| 260 |
_aNew Delhi : _bS Chand and Company Ltd , _c2006. |
||
| 300 |
_axviii,16.16,6p. ; _c24 cm. _bPB |
||
| 650 |
_aCost accumulation systems _965141 |
||
| 650 |
_aInformation for decision making _965142 |
||
| 650 |
_aSpecialised topic _965143 |
||
| 942 |
_2ddc _cBK _e1st _k658.1511 JAWA |
||
| 999 |
_c187641 _d187641 |
||